000 01502nam a22004457a 4500
003 OSt
005 20230525133214.0
008 221006b |||||||| |||| 00| 0 eng d
040 _cBiblioteca Lado V
082 _a709.05
_bF593u
100 _9832
_aFlecha, Mario
_eeditor
245 _aUntitled/
_bContemporary Art/
260 _bArts Councill England
_c2006
_aLondres
300 _c21x28cm
_a80p.
366 _eeng
490 _a37
_v2006
_x0969-9716
505 _aRocket Propelled
505 _aA view from L.A.
505 _aWe are not afraid of the future
505 _atHES YES MEN SAY NO TO WTO
505 _aSquatting Frequencies
505 _aSouth of the South
505 _aArtist Project
505 _aIf-then...
505 _aNomadic Utopia
505 _ai on a lion in zion
505 _aArtist Project
505 _aReviews
650 _2Tesauro de Arte & Arquitectura
_aARTE
_9703
650 _2Tesauro de Arte & Arquitectura
_aPINTURA
650 _2Tesauro de Arte & Arquitectura
_aFOTOGRAFIA
_9702
650 _2Tesauro de Arte & Arquitectura
_aENTREVISTAS
650 _2Tesauro de Arte & Arquitectura
_aMISCELANEA
650 _2Tesauro de Arte & Arquitectura
_aPROYECTOS DE ARTE
650 _2Tesauro de Arte & Arquitectura
_aINGLES
650 _2Tesauro de Arte & Arquitectura
_aARTE CONTEMPORANEO
651 _2Tesauro de Arte & Arquitectura
_aLONDRES
700 _aPlender, Olivia
_eEditora
942 _2ddc
_c1
_h709.05
_iF593u
_n0
999 _c3751
_d3751